000 01462nam0a22002771 4500
001 rc\3597040
005 20260406221530.0
021 _aRU
_b[72-96072]
035 _a(NLR Aleph) 007811268
090 _a7714284
_c7714284
100 _a20130115d1972 |||y0rusy50 ca
101 0 _arus
102 _aRU
105 _aa z |||||
200 1 _aПрогрессивная техника, технология и организация труда в полиграфии, издательствах и книжной торговле Ленинграда
_eКраткие тезисы докл. на девятнадцатой науч. сессии. 11-12 дек. 1972 г.
_fЛенингр. обл. правл. Науч.-техн. о-ва полиграфии и изд-в
210 _aЛенинград
_cБ. и.
_d1972
215 _a31 с.
_cчерт.
_d20
606 _aИздательское дело
_yЛенинград
_jТезисы докладов
_2psbo
606 _aКнижная торговля
_yЛенинград
_jТезисы докладов
_2psbo
606 _aПолиграфическое производство
_jТезисы докладов
_2psbo
712 0 2 _aНТО полиграфии и издательств
_bЛенинградское обл. правление
_cМосква
_9449424
_3RU\NLR\AUTH\889976283
801 0 _aRU
_bNLR
_gpsbo
801 1 _aRU
_bELAR
_2rusmarc
852 _aNLR
_j72-4/34279
942 _cBOOK
980 _aNB